Jedi who died in the Clone Wars - Statistics

General Stats
  • This quiz has been taken 53 times
  • The average score is 5 of 23
Answer Stats
Hint Name % Correct
Ryloth Ima-Gun-Di
50%
Florrum Adi Gallia
45%
Umbara Pong Krell
45%
Coruscant Kit Fisto
43%
Coruscant Mace Windu
43%
Lola Sayu Even Piell
39%
Ringo Vinda Tiplar
36%
Deveron Halsey
27%
Deveron Knox
25%
Vassek Nahdar Vebb
23%
Vizsla Keep 09 Tiplee
23%
Coruscant Agen Kolar
20%
Separatist Cruiser Bolla Ropal
20%
Outer Rim Spaceport Finn Ertay
14%
Coruscant Ord Enisence
14%
Wasskah Kalifa
11%
Coruscant Saesee Tinn
7%
Utapau Tu-Anh
7%
Coruscant Tutso Mara
2%
Over Christophsis Akar Deshu
0%
Mahranee Chubor
0%
Over Christophsis Kav Bayons
0%
Unknown Planet Tholme
0%
No matching quizzes found
Score Distribution
Percent of People with Each Score
Percentile by Number Answered
Your Score History
You have not taken this quiz